[Event "Titled Tuesday intern op 13th Feb Late"]
[Site "Chess.com INT"]
[Date "2024.02.13"]
[Round "6"]
[White "Ronka, Erik"]
[Black "Santos Ruiz, Miguel"]
[Result "1/2-1/2"]
[WhiteElo "2300"]
[BlackElo "2596"]
[PlyCount "243"]
[EventDate "2024.02.13"]
[EventType "swiss (blitz)"]
[EventRounds "11"]
[EventCountry "USA"]
[SourceTitle "CB08_2024"]
[SourceDate "2024.02.21"]
[SourceVersion "1"]
[SourceVersionDate "2024.02.21"]
[SourceQuality "1"]

1. e4 c5 2. Nf3 d6 3. d4 cxd4 4. Nxd4 Nf6 5. Nc3 a6 6. Be3 Qc7 7. f3 h5 8. Qd2 b5 9. a4 bxa4 10. Nxa4 e6 11. c4 Nbd7 12. Be2 h4 13. 0-0 Be7 14. b4 Bb7 15. Nb3 Rb8 16. Na5 Ba8 17. b5 h3 18. b6 Nxb6 19. Nxb6 Rxb6 20. Bxb6 Qxb6+ 21. Kh1 hxg2+ 22. Kxg2 Qc5 23. Rab1 Nd7 24. Bd1 Qh5 25. Kh1 Qh4 26. Ba4 Kd8 27. Nc6+ Bxc6 28. Bxc6 Nc5 29. Rb8+ Kc7 30. Rxh8 Qxh8 31. Ba4 Nxa4 32. Qa5+ Nb6 33. Rb1 Qb8 34. Qxa6 Qb7 35. Qb5 Qc6 36. Qa6 Bd8 37. Qa7+ Qb7 38. Qa3 Qc6 39. c5 dxc5 40. Rc1 c4 41. Qf8 Qd7 42. Qxg7 Kb8 43. Qg1 Qd3 44. Qf2 Bc7 45. Kg2 c3 46. Qc2 Qxc2+ 47. Rxc2 Na4 48. f4 Bxf4 49. h4 Kc7 50. Kf3 Bh6 51. Ke2 Kd6 52. Kd3 Ke5 53. Kc4 Kxe4 54. Kb4 Nb6 55. Kxc3 Nd5+ 56. Kb3 f5 57. Rg2 Nf4 58. Rg8 Kf3 59. Kc2 e5 60. Rh8 Bg7 61. Rh7 Bf6 62. h5 e4 63. Rf7 Be5 64. Rxf5 Bd4 65. Rf8 e3 66. Re8 e2 67. Kd2 Kf2 68. h6 Bc5 69. h7 Bb4+ 70. Kc2 e1Q 71. Rxe1 Bxe1 72. h8Q Ng2 73. Qf6+ Kg1 74. Kb3 Bf2 75. Qf5 Ne3 76. Qb1+ Kg2 77. Ka4 Kf3 78. Qb8 Ke2 79. Qf8 Be1 80. Qg7 Bd2 81. Qh7 Nd1 82. Qh2+ Kd3 83. Kb5 Nc3+ 84. Kc6 Be3 85. Qh7+ Kd4 86. Qh4+ Kd3 87. Qh7+ Kc4 88. Qh1 Bd4 89. Kd6 Bc5+ 90. Ke6 Nb5 91. Qf1+ Kb4 92. Kd5 Nc3+ 93. Kc6 Bd4 94. Qf4 Kc4 95. Qf7+ Kb4 96. Qb7+ Kc4 97. Qa6+ Kb3 98. Qd3 Be5 99. Kc5 Bf6 100. Qc4+ Kb2 101. Qb4+ Kc2 102. Kc4 Be5 103. Qb3+ Kd2 104. Qb2+ Ke3 105. Qc2 Kf4 106. Qd2+ Ke4 107. Qe1+ Kf4 108. Qf2+ Ke4 109. Qg2+ Kf5 110. Kd3 Bf6 111. Qf3+ Ke6 112. Kc4 Be5 113. Qg4+ Kf6 114. Qh4+ Kf5 115. Qh3+ Ke4 116. Kc5 Bd4+ 117. Kd6 Be5+ 118. Ke6 Bd4 119. Qg2+ Kd3 120. Kf5 Kc4 121. Qf1+ Kc5 122. Qc1 1/2-1/2

[Event "Titled Tuesday intern op 13th Feb Late"]
[Site "Chess.com INT"]
[Date "2024.02.13"]
[Round "2"]
[White "Santos Ruiz, Miguel"]
[Black "Tan, Ralph"]
[Result "1-0"]
[WhiteElo "2596"]
[BlackElo "2004"]
[PlyCount "51"]
[EventDate "2024.02.13"]
[EventType "swiss (blitz)"]
[EventRounds "11"]
[EventCountry "USA"]
[SourceTitle "CB08_2024"]
[SourceDate "2024.02.21"]
[SourceVersion "1"]
[SourceVersionDate "2024.02.21"]
[SourceQuality "1"]

1. e4 c6 2. d4 d5 3. exd5 cxd5 4. Nf3 Nc6 5. c3 Nf6 6. Bf4 Bg4 7. Nbd2 e6 8. h3 Bh5 9. Bd3 Bd6 10. Bxd6 Qxd6 11. 0-0 0-0 12. Re1 Rab8 13. a4 a6 14. Qb1 Bg6 15. Bxg6 hxg6 16. Qd3 b5 17. axb5 axb5 18. b4 Nd7 19. Nb3 e5 20. dxe5 Ndxe5 21. Nxe5 Nxe5 22. Qg3 Rfe8 23. Nd4 Qf6 24. Re2 Nc4 25. Rae1 Rxe2 26. Qxb8+ 1-0

[Event "ESP-chT CECLUB Honor"]
[Site "Linares"]
[Date "2023.09.20"]
[Round "5.3"]
[White "Moussard, Jules"]
[Black "Santos Ruiz, Miguel"]
[Result "1/2-1/2"]
[WhiteElo "2656"]
[BlackElo "2596"]
[PlyCount "62"]
[EventDate "2023.09.16"]
[EventType "team-tourn"]
[EventRounds "7"]
[EventCountry "ESP"]
[SourceTitle "EXT 2024"]
[Source "ChessBase"]
[SourceDate "2023.10.10"]
[SourceVersion "1"]
[SourceVersionDate "2023.10.10"]
[SourceQuality "1"]
[WhiteTeam "Andreu Paterna"]
[BlackTeam "Solvay"]
[WhiteTeamCountry "ESP"]
[BlackTeamCountry "ESP"]

1. c4 c6 2. d4 Nf6 3. Nf3 d5 4. e3 Bf5 5. Nc3 e6 6. Nh4 Be4 7. f3 Bg6 8. Bd2 Be7 9. Nxg6 hxg6 10. Qb3 Qc7 11. 0-0-0 dxc4 12. Qxc4 a6 13. Ne4 Nbd7 14. Nxf6+ Bxf6 15. g3 c5 16. Kb1 Rc8 17. dxc5 Nxc5 18. e4 b5 19. Qb4 Na4 20. Rc1 Qd7 21. Rxc8+ Qxc8 22. e5 Bxe5 23. Bxb5+ axb5 24. Qxb5+ Qd7 25. Qxe5 Qxd2 26. Qb5+ Qd7 27. Qb8+ Qd8 28. Qb5+ Qd7 29. Qb8+ Qd8 30. Qb5+ Qd7 31. Qb8+ Qd8 1/2-1/2

[Event "ESP-chT CECLUB Honor"]
[Site "Linares"]
[Date "2023.09.19"]
[Round "4.3"]
[White "Santos Ruiz, Miguel"]
[Black "Korobov, Anton"]
[Result "0-1"]
[WhiteElo "2596"]
[BlackElo "2652"]
[PlyCount "68"]
[EventDate "2023.09.16"]
[EventType "team-tourn"]
[EventRounds "7"]
[EventCountry "ESP"]
[SourceTitle "EXT 2024"]
[Source "ChessBase"]
[SourceDate "2023.10.10"]
[SourceVersion "1"]
[SourceVersionDate "2023.10.10"]
[SourceQuality "1"]
[WhiteTeam "Solvay"]
[BlackTeam "Silla Integrant"]
[WhiteTeamCountry "ESP"]
[BlackTeamCountry "ESP"]

1. e4 e5 2. Nf3 Nc6 3. Bc4 Nf6 4. d3 Bc5 5. a4 d6 6. c3 a5 7. h3 h6 8. Nbd2 0-0 9. Nf1 Be6 10. Ng3 d5 11. exd5 Bxd5 12. Qb3 e4 13. Bxd5 exf3 14. Bxf3 Qxd3 15. Qb5 Nb4 16. Qxd3 Nxd3+ 17. Kd2 Rad8 18. Kc2 Bxf2 19. Ne4 Nxe4 20. Bxe4 Ne1+ 21. Kb1 c6 22. Be3 Bg3 23. Bf4 Bf2 24. Be3 Bh4 25. Bb6 Rd2 26. Ka2 Re2 27. Bf3 Nxf3 28. gxf3 Bd8 29. Bc5 Rfe8 30. Rhd1 Bf6 31. Kb3 b5 32. Bd6 Rd8 33. axb5 cxb5 34. Bc7 a4+ 0-1

[Event "ESP-chT CECLUB Honor"]
[Site "Linares"]
[Date "2023.09.18"]
[Round "3.2"]
[White "Paehtz, Elisabeth"]
[Black "Santos Ruiz, Miguel"]
[Result "1/2-1/2"]
[WhiteElo "2479"]
[BlackElo "2596"]
[PlyCount "60"]
[EventDate "2023.09.16"]
[EventType "team-tourn"]
[EventRounds "7"]
[EventCountry "ESP"]
[SourceTitle "EXT 2024"]
[Source "ChessBase"]
[SourceDate "2023.10.10"]
[SourceVersion "1"]
[SourceVersionDate "2023.10.10"]
[SourceQuality "1"]
[WhiteTeam "Taldea Gros Xake"]
[BlackTeam "Solvay"]
[WhiteTeamCountry "ESP"]
[BlackTeamCountry "ESP"]

1. e4 c5 2. Nf3 d6 3. d4 cxd4 4. Nxd4 Nf6 5. Nc3 a6 6. Be3 Qc7 7. Qd2 e6 8. Be2 b5 9. a3 Nbd7 10. f3 h5 11. h4 Be7 12. Bg5 Ne5 13. 0-0-0 Rb8 14. Kb1 Nc4 15. Bxc4 Qxc4 16. Nb3 b4 17. axb4 Qxb4 18. Qe3 Bd7 19. e5 dxe5 20. Qxe5 Bc6 21. Qc7 Qb6 22. Qxb6 Rxb6 23. Na5 Ba8 24. Nc4 Rc6 25. b3 0-0 26. Kb2 Rfc8 27. Rd3 Bb4 28. Rhd1 Bxc3+ 29. Kxc3 Nd5+ 30. Kb2 f6 1/2-1/2

[Event "Julius Baer Play In"]
[Site "Chess.com INT"]
[Date "2023.07.24"]
[Round "3.33"]
[White "Kamsky, Gata"]
[Black "Santos Ruiz, Miguel"]
[Result "0-1"]
[WhiteElo "2655"]
[BlackElo "2589"]
[PlyCount "92"]
[EventDate "2023.07.24"]
[EventType "swiss (rapid)"]
[EventRounds "9"]
[EventCountry "GER"]
[SourceTitle "CBM 215 Extra"]
[Source "ChessBase"]
[SourceDate "2023.09.30"]
[SourceVersion "1"]
[SourceVersionDate "2023.09.30"]
[SourceQuality "1"]

1. d4 Nf6 2. Bf4 e6 3. e3 c5 4. c3 Nc6 5. Nd2 d5 6. Ngf3 Be7 7. Ne5 Nd7 8. h4 Ncxe5 9. dxe5 Qc7 10. Qg4 g6 11. Nf3 h5 12. Qg3 c4 13. Nd4 Nc5 14. f3 Na4 15. Qf2 Bd7 16. Rc1 b5 17. b3 Nxc3 18. bxc4 Qa5 19. Qd2 Bb4 20. a3 Qxa3 21. Nc2 Ne4 22. Nxa3 Bxd2+ 23. Kd1 Bxc1 24. Kxc1 Nf2 25. Rh2 bxc4 26. g3 Nd3+ 27. Bxd3 cxd3 28. Rd2 0-0 29. Rxd3 Rfc8+ 30. Kd2 Rab8 31. e4 Rb2+ 32. Ke3 dxe4 33. fxe4 Ba4 34. Bg5 Rb3 35. Be7 Rcc3 36. Rxc3 Rxc3+ 37. Kf4 Bd1 38. Nb5 Rf3+ 39. Kg5 Kg7 40. Bf6+ Kh7 41. Be7 Rxg3+ 42. Kf6 Rf3+ 43. Kg5 a5 44. Nc7 Ba4 45. Bd8 Bc6 46. Be7 a4 0-1

[Event "Titled Tuesday intern op 27th Jun Late"]
[Site "Chess.com INT"]
[Date "2023.06.27"]
[Round "11"]
[White "Santos Ruiz, Miguel"]
[Black "Przybylski, Wojciech"]
[Result "0-1"]
[WhiteElo "2592"]
[BlackElo "2308"]
[PlyCount "130"]
[EventDate "2023.06.27"]
[EventType "swiss (blitz)"]
[EventRounds "11"]
[EventCountry "USA"]
[SourceTitle "EXT 2024"]
[Source "ChessBase"]
[SourceDate "2023.10.10"]
[SourceVersion "1"]
[SourceVersionDate "2023.10.10"]
[SourceQuality "1"]

1. e4 e5 2. Nf3 Nf6 3. Nxe5 d6 4. Nd3 Nxe4 5. Qe2 Qe7 6. Nf4 Nf6 7. h4 Nbd7 8. d4 Qxe2+ 9. Bxe2 d5 10. f3 c6 11. g4 h6 12. c3 Bd6 13. Kf2 Nf8 14. Bd3 Ne6 15. Ne2 Bd7 16. Nd2 0-0-0 17. Nf1 g6 18. Nfg3 Rde8 19. Bd2 h5 20. g5 Ng8 21. f4 Ne7 22. Rhf1 Ng7 23. Ng1 Bg4 24. Nf3 Bxf3 25. Kxf3 Nef5 26. Nxf5 Nxf5 27. Bxf5+ gxf5 28. Rae1 Kd7 29. Rxe8 Rxe8 30. Rg1 Re6 31. Be3 b5 32. a4 Kc7 33. axb5 cxb5 34. Ra1 Kb7 35. b3 a6 36. Rf1 Kc6 37. Ke2 Bc7 38. Kd3 a5 39. Rc1 Bd6 40. c4 dxc4+ 41. bxc4 bxc4+ 42. Rxc4+ Kd5 43. Rc8 Re7 44. Ra8 Bb4 45. Rd8+ Bd6 46. Bd2 Re4 47. Be3 Re7 48. Ra8 Bb4 49. Ra6 Rc7 50. Bd2 Bxd2 51. Kxd2 Kxd4 52. Rxa5 Ke4 53. Ra4+ Kf3 54. Kd3 Rd7+ 55. Kc4 Kxf4 56. Kc5+ Kg3 57. Kc6 Rd1 58. Ra5 f4 59. Rf5 f3 60. Rxf7 Rd4 61. g6 Rxh4 62. g7 Rg4 63. Kd6 f2 64. Ke7 Kg2 65. Kf8 f1Q 0-1

[Event "Titled Tuesday intern op 27th Jun Late"]
[Site "Chess.com INT"]
[Date "2023.06.27"]
[Round "7"]
[White "Santos Ruiz, Miguel"]
[Black "Sanal, Vahap"]
[Result "0-1"]
[WhiteElo "2592"]
[BlackElo "2577"]
[PlyCount "52"]
[EventDate "2023.06.27"]
[EventType "swiss (blitz)"]
[EventRounds "11"]
[EventCountry "USA"]
[SourceTitle "EXT 2024"]
[Source "ChessBase"]
[SourceDate "2023.10.10"]
[SourceVersion "1"]
[SourceVersionDate "2023.10.10"]
[SourceQuality "1"]

1. e4 d6 2. d4 Nf6 3. Nc3 e5 4. Nge2 Nbd7 5. h3 g6 6. Be3 Bg7 7. Qd2 c6 8. a4 0-0 9. g4 exd4 10. Nxd4 Nc5 11. f3 Re8 12. 0-0-0 Qa5 13. b3 d5 14. exd5 Qb4 15. Kb1 Bd7 16. dxc6 bxc6 17. Ne4 Qxd2 18. Nxf6+ Bxf6 19. Bxd2 Bxd4 20. Bb4 Ne6 21. c3 Rab8 22. Ba5 Rxb3+ 23. Kc2 Reb8 24. cxd4 c5 25. Bb5 Bxb5 26. Kxb3 Be2+ 0-1

[Event "Titled Tuesday intern op 20th Jun Late"]
[Site "Chess.com INT"]
[Date "2023.06.20"]
[Round "11"]
[White "Dushyant, Sharma"]
[Black "Santos Ruiz, Miguel"]
[Result "0-1"]
[WhiteElo "2345"]
[BlackElo "2592"]
[PlyCount "42"]
[EventDate "2023.06.20"]
[EventType "swiss (blitz)"]
[EventRounds "11"]
[EventCountry "USA"]
[SourceTitle "EXT 2024"]
[Source "ChessBase"]
[SourceDate "2023.10.10"]
[SourceVersion "1"]
[SourceVersionDate "2023.10.10"]
[SourceQuality "1"]

1. e4 c6 2. d4 d5 3. exd5 cxd5 4. Bd3 Nc6 5. c3 g6 6. Nf3 Qc7 7. 0-0 Bf5 8. Bxf5 gxf5 9. Re1 Nf6 10. Nbd2 e6 11. Nf1 Bd6 12. N3d2 Rg8 13. f3 Rg6 14. Nb3 0-0-0 15. Bd2 Rdg8 16. Re2 Nh5 17. Nc5 Bxc5 18. dxc5 Ne5 19. Rf2 Nd3 20. g3 Nxg3 21. Nxg3 Rxg3+ 0-1

[Event "Titled Tuesday intern op 20th Jun Late"]
[Site "Chess.com INT"]
[Date "2023.06.20"]
[Round "1"]
[White "Fiedorek, Michal"]
[Black "Santos Ruiz, Miguel"]
[Result "0-1"]
[WhiteElo "2333"]
[BlackElo "2592"]
[PlyCount "68"]
[EventDate "2023.06.20"]
[EventType "swiss (blitz)"]
[EventRounds "11"]
[EventCountry "USA"]
[SourceTitle "EXT 2024"]
[Source "ChessBase"]
[SourceDate "2023.10.10"]
[SourceVersion "1"]
[SourceVersionDate "2023.10.10"]
[SourceQuality "1"]

1. e4 c5 2. Nf3 e6 3. d4 cxd4 4. Nxd4 Nc6 5. Nb5 d6 6. c4 Nf6 7. N1c3 a6 8. Nd4 Qc7 9. Be3 Be7 10. Be2 b6 11. Rc1 Ne5 12. 0-0 Bb7 13. f3 Rc8 14. b3 h6 15. Qd2 g5 16. Na4 Rg8 17. Kh1 g4 18. Bxh6 gxf3 19. gxf3 Rg6 20. Nc3 Nc6 21. Nxc6 Qxc6 22. Rg1 Rxg1+ 23. Rxg1 Kd7 24. Rg7 Rg8 25. Rxg8 Nxg8 26. Bg5 Qc5 27. Be3 Qh5 28. Bxb6 Nf6 29. b4 Qh3 30. Qe1 Nh5 31. Be3 Bh4 32. Qd1 Bg3 33. Bg1 Bf4 34. Qd2 Ng3# 0-1

[Event "Titled Tuesday intern op 20th Jun Late"]
[Site "Chess.com INT"]
[Date "2023.06.20"]
[Round "3"]
[White "Gomez Barrera, Javiera Belen"]
[Black "Santos Ruiz, Miguel"]
[Result "0-1"]
[WhiteElo "2256"]
[BlackElo "2592"]
[PlyCount "60"]
[EventDate "2023.06.20"]
[EventType "swiss (blitz)"]
[EventRounds "11"]
[EventCountry "USA"]
[SourceTitle "EXT 2024"]
[Source "ChessBase"]
[SourceDate "2023.10.10"]
[SourceVersion "1"]
[SourceVersionDate "2023.10.10"]
[SourceQuality "1"]

1. e4 c5 2. Nf3 d6 3. d4 cxd4 4. Nxd4 Nf6 5. Nc3 a6 6. Be3 Qc7 7. f3 h5 8. Qd2 e6 9. 0-0-0 Nbd7 10. a3 Rb8 11. Kb1 b5 12. Be2 Be7 13. Rhg1 Ne5 14. b3 Bd7 15. Na2 d5 16. exd5 Nxd5 17. f4 Nc4 18. Bxc4 bxc4 19. b4 c3 20. Qe2 a5 21. Nb3 axb4 22. Rxd5 exd5 23. Bc5 Bg4 24. Qe3 d4 25. Bxd4 0-0 26. Be5 Bd6 27. h3 Be6 28. Nxb4 Bxe5 29. Qxe5 Qa7 30. Qxc3 Qxg1+ 0-1

[Event "Titled Tuesday intern op 20th Jun Late"]
[Site "Chess.com INT"]
[Date "2023.06.20"]
[Round "9"]
[White "Gubajdullin, Alexey"]
[Black "Santos Ruiz, Miguel"]
[Result "0-1"]
[WhiteElo "2266"]
[BlackElo "2592"]
[PlyCount "94"]
[EventDate "2023.06.20"]
[EventType "swiss (blitz)"]
[EventRounds "11"]
[EventCountry "USA"]
[SourceTitle "EXT 2024"]
[Source "ChessBase"]
[SourceDate "2023.10.10"]
[SourceVersion "1"]
[SourceVersionDate "2023.10.10"]
[SourceQuality "1"]

1. d4 Nf6 2. Nf3 c6 3. Bf4 h6 4. Nbd2 g5 5. Bg3 d6 6. h3 Bf5 7. e3 Bg7 8. Bd3 Bxd3 9. cxd3 Nbd7 10. Qb3 Qb6 11. Qa3 d5 12. Nb3 e6 13. Bd6 Bf8 14. Bxf8 Rxf8 15. 0-0 a5 16. Rfc1 Qb4 17. Rab1 Ke7 18. Ne1 Qxa3 19. bxa3 Rfc8 20. a4 b6 21. Rc3 Rc7 22. Rbc1 Rac8 23. Nc2 Nb8 24. Na3 Na6 25. Nc2 c5 26. dxc5 Nxc5 27. Ncd4 Na6 28. Rxc7+ Rxc7 29. Rxc7+ Nxc7 30. Kf1 Nd7 31. Ke2 Kd6 32. Nb5+ Nxb5 33. axb5 e5 34. a4 Nc5 35. Nc1 Nxa4 36. Kd2 Kc5 37. d4+ exd4 38. Nb3+ Kxb5 39. Nxd4+ Kc4 40. g4 Nc3 41. Nf5 Ne4+ 42. Ke2 a4 43. Nxh6 a3 44. Nxf7 a2 45. Ne5+ Kb5 46. Nf3 a1Q 47. Nd4+ Kc4 0-1

[Event "Titled Tuesday intern op 20th Jun Late"]
[Site "Chess.com INT"]
[Date "2023.06.20"]
[Round "6"]
[White "Santos Ruiz, Miguel"]
[Black "D'Arruda, Ricardo D"]
[Result "1-0"]
[WhiteElo "2592"]
[BlackElo "2271"]
[PlyCount "79"]
[EventDate "2023.06.20"]
[EventType "swiss (blitz)"]
[EventRounds "11"]
[EventCountry "USA"]
[SourceTitle "EXT 2024"]
[Source "ChessBase"]
[SourceDate "2023.10.10"]
[SourceVersion "1"]
[SourceVersionDate "2023.10.10"]
[SourceQuality "1"]

1. e4 c5 2. g3 Nc6 3. Bg2 Nf6 4. Ne2 d5 5. exd5 Nxd5 6. Nbc3 e6 7. 0-0 Nxc3 8. dxc3 Qxd1 9. Rxd1 Bd7 10. a3 0-0-0 11. Be3 Be7 12. b4 Be8 13. Bxc5 Rxd1+ 14. Rxd1 Bxc5 15. bxc5 Bd7 16. Nd4 Na5 17. Nb3 Nc6 18. Nd2 Rd8 19. Nc4 Kc7 20. Nd6 f6 21. Nb5+ Kb8 22. Bxc6 bxc6 23. Nd6 Kc7 24. Rb1 Rb8 25. Rb3 e5 26. Kf1 Rxb3 27. cxb3 g6 28. Ke2 f5 29. f4 Be6 30. b4 exf4 31. gxf4 a6 32. Ke3 Kd7 33. Kd4 Bb3 34. Ke5 Ke7 35. h4 Be6 36. c4 Bd7 37. a4 Be6 38. b5 cxb5 39. cxb5 axb5 40. axb5 1-0

[Event "Titled Tuesday intern op 13th Jun Late"]
[Site "Chess.com INT"]
[Date "2023.06.13"]
[Round "7"]
[White "Santos Ruiz, Miguel"]
[Black "Caruana, Fabiano"]
[Result "1-0"]
[WhiteElo "2592"]
[BlackElo "2773"]
[PlyCount "87"]
[EventDate "2023.06.13"]
[EventType "swiss (blitz)"]
[EventRounds "11"]
[EventCountry "USA"]
[SourceTitle "EXT 2024"]
[Source "ChessBase"]
[SourceDate "2023.10.10"]
[SourceVersion "1"]
[SourceVersionDate "2023.10.10"]
[SourceQuality "1"]

1. e4 e5 2. Nf3 Nc6 3. Bc4 Nf6 4. d3 Bc5 5. a4 d6 6. a5 a6 7. Be3 h6 8. Bxc5 dxc5 9. h3 Qd6 10. Nbd2 0-0 11. c3 b5 12. axb6 cxb6 13. Bd5 Nxd5 14. Nc4 Nxc3 15. bxc3 Qc7 16. Ne3 b5 17. Nd5 Qd6 18. 0-0 Be6 19. d4 exd4 20. cxd4 cxd4 21. Nxd4 Nxd4 22. Qxd4 Bxd5 23. exd5 Rfd8 24. Ra5 Qxd5 25. Qxd5 Rxd5 26. Rfa1 Rdd8 27. Rxa6 Rxa6 28. Rxa6 Rb8 29. Ra3 b4 30. Rb3 Kf8 31. Kf1 Ke7 32. Ke2 Kd6 33. Kd2 Kc5 34. Rf3 Rb7 35. Kc2 g6 36. Rf6 Kc4 37. Kb2 Kd3 38. Kb3 Ke2 39. g4 Kf1 40. h4 Kg2 41. h5 gxh5 42. gxh5 Rb8 43. Rxh6 Rb5 44. Rf6 1-0

[Event "Titled Tuesday intern op 13th Jun Late"]
[Site "Chess.com INT"]
[Date "2023.06.13"]
[Round "2"]
[White "Santos Ruiz, Miguel"]
[Black "Toniutti, Ezio"]
[Result "1-0"]
[WhiteElo "2592"]
[BlackElo "2201"]
[PlyCount "71"]
[EventDate "2023.06.13"]
[EventType "swiss (blitz)"]
[EventRounds "11"]
[EventCountry "USA"]
[SourceTitle "EXT 2024"]
[Source "ChessBase"]
[SourceDate "2023.10.10"]
[SourceVersion "1"]
[SourceVersionDate "2023.10.10"]
[SourceQuality "1"]

1. e4 e5 2. Nf3 Nc6 3. Bc4 Nf6 4. d3 Be7 5. a4 0-0 6. Nc3 d6 7. h3 Be6 8. g4 d5 9. exd5 Nxd5 10. Ne4 a6 11. Qe2 Re8 12. Bd2 f6 13. c3 Bf8 14. Nh4 Nb6 15. Bxe6+ Rxe6 16. a5 Nd5 17. Nf5 Qd7 18. Rg1 g6 19. Qf3 Nf4 20. Bxf4 exf4 21. 0-0-0 Rae8 22. Qxf4 Bg7 23. Nxg7 Kxg7 24. g5 f5 25. Nf6 Qe7 26. Nxe8+ Qxe8 27. Kb1 Ne5 28. Qd4 Kg8 29. Rge1 Nf7 30. Rxe6 Qxe6 31. f4 Qe2 32. Rc1 Qg2 33. Re1 Kf8 34. Qb4+ Nd6 35. Qd4 Kf7 36. Qf6+ 1-0

[Event "Aimchess Play In op"]
[Site "Chess.com INT"]
[Date "2023.06.12"]
[Round "9"]
[White "Klekowski, Maciej"]
[Black "Santos Ruiz, Miguel"]
[Result "0-1"]
[WhiteElo "2479"]
[BlackElo "2592"]
[PlyCount "28"]
[EventDate "2023.06.12"]
[EventType "swiss (rapid)"]
[EventRounds "9"]
[EventCountry "USA"]
[SourceTitle "CBM 214 Extra"]
[Source "ChessBase"]
[SourceDate "2023.07.31"]
[SourceVersion "1"]
[SourceVersionDate "2023.07.31"]
[SourceQuality "1"]

1. e4 c5 2. Nf3 d6 3. Bb5+ Nd7 4. Ba4 Ngf6 5. 0-0 e6 6. Re1 a6 7. c4 Be7 8. Nc3 0-0 9. d4 cxd4 10. Nxd4 Qc7 11. Bg5 Qxc4 12. Rc1 Qb4 13. a3 Qa5 14. b4 Qxg5 0-1

[Event "ChessKid Cup Div 3 W"]
[Site "Chess.com INT"]
[Date "2023.05.22"]
[Round "1.2"]
[White "Santos Ruiz, Miguel"]
[Black "Lysyj, Igor"]
[Result "0-1"]
[WhiteElo "2590"]
[BlackElo "2606"]
[PlyCount "84"]
[EventDate "2023.05.22"]
[EventType "k.o. (rapid)"]
[EventRounds "6"]
[EventCountry "USA"]
[SourceTitle "CBM 214 Extra"]
[Source "ChessBase"]
[SourceDate "2023.07.31"]
[SourceVersion "1"]
[SourceVersionDate "2023.07.31"]
[SourceQuality "1"]

1. e4 e5 2. Nf3 Nc6 3. Bc4 Bc5 4. d3 Nf6 5. a4 a6 6. Be3 Bxe3 7. fxe3 d6 8. 0-0 0-0 9. h3 Ne7 10. Nbd2 Ng6 11. c3 c6 12. d4 a5 13. Bb3 Qe7 14. Qe1 Be6 15. Bc2 Rae8 16. Qg3 Nh5 17. Qh2 Bc8 18. Rf2 Nf6 19. Raf1 b5 20. g4 Ba6 21. Bd3 Qb7 22. axb5 cxb5 23. Qg3 b4 24. c4 exd4 25. exd4 Qb6 26. g5 Nh5 27. Qh2 Ngf4 28. c5 dxc5 29. dxc5 Qe6 30. Bxa6 Qxa6 31. Nd4 Qd3 32. Nf5 Nxh3+ 33. Kg2 Nxf2 34. Rxf2 g6 35. Nh6+ Kh8 36. Qc7 Qe3 37. Nxf7+ Rxf7 38. Qxf7 Qxg5+ 39. Kf1 Rd8 40. c6 Ng3+ 41. Ke1 Qe3+ 42. Kd1 Nxe4 0-1

[Event "ChessKid Cup Div 3 L"]
[Site "Chess.com INT"]
[Date "2023.05.22"]
[Round "1.2"]
[White "Santos Ruiz, Miguel"]
[Black "Tang, Andrew"]
[Result "1/2-1/2"]
[WhiteElo "2590"]
[BlackElo "2523"]
[PlyCount "131"]
[EventDate "2023.05.22"]
[EventType "k.o. (rapid)"]
[EventRounds "8"]
[EventCountry "USA"]
[SourceTitle "CBM 214 Extra"]
[Source "ChessBase"]
[SourceDate "2023.07.31"]
[SourceVersion "1"]
[SourceVersionDate "2023.07.31"]
[SourceQuality "1"]

1. e4 e5 2. Nf3 Nc6 3. Bc4 Nf6 4. d3 h6 5. c3 d6 6. a4 g5 7. Qb3 Qe7 8. a5 Bg7 9. Nbd2 0-0 10. Nf1 Bd7 11. Qc2 Be6 12. Ne3 Qd7 13. a6 Bxc4 14. dxc4 b6 15. 0-0 Ne7 16. Rd1 Qc6 17. Nd2 Rae8 18. f3 Qd7 19. Ndf1 Qc8 20. Ng3 Nd7 21. b4 Nb8 22. Qa4 Kh7 23. Nef5 Ng6 24. Nh5 Bh8 25. c5 dxc5 26. bxc5 Re6 27. Be3 Nf4 28. Nxf4 gxf4 29. Bf2 Bf6 30. Qc4 Rg8 31. g4 fxg3 32. hxg3 Nc6 33. Kg2 Ne7 34. cxb6 cxb6 35. Qxc8 Rxc8 36. Rd7 Nxf5 37. exf5 Re7 38. Rd6 Bg5 39. c4 Rec7 40. Ra4 Be7 41. Rd5 f6 42. Ra1 Kg8 43. Be3 Bf8 44. g4 Rh7 45. Rc1 h5 46. gxh5 Rxh5 47. Rd7 Rh7 48. Rxh7 Kxh7 49. Rd1 Rc7 50. Rd8 Be7 51. Rb8 Kg7 52. Rb7 Rxb7 53. axb7 Bd6 54. Kf2 Kf7 55. Ke2 Bb8 56. c5 bxc5 57. Bxc5 Ke8 58. Kd3 Kd7 59. Kc4 a6 60. Bf8 Bc7 61. Kc5 a5 62. Kb5 a4 63. Kxa4 Kc6 64. Be7 Kxb7 65. Bxf6 Kc6 66. Bxe5 1/2-1/2